000
00328nam a22001457a 4500
003
SGT
020
_a
9788175343733
082
_a
346,SIN
100
_a
SINGH, AVTAR
245
_a
A TEXBOOK ON THE TRANSFER OF PROPERTY ACT
260
_a
NEW DELHI
_b
UNIVERSAL
_c
2006
300
_a
412
650
_a
PRIVATE LAW
942
_2
ddc
_c
BK
999
_c
10287
_d
10287